Dig deeper on PGS (Record no. 76429)
[ view plain ]
| 000 -LEADER | |
|---|---|
| fixed length control field | 01164cab a2200217 4500 |
| 001 - CONTROL NUMBER | |
| control field | ##L132418 |
| 008 - FIXED-LENGTH DATA ELEMENTS--GENERAL INFORMATION | |
| fixed length control field | 060206n2006 000 0 eng u |
| 035 ## - SYSTEM CONTROL NUMBER | |
| System control number | (Sirsi) u132418 |
| 041 0# - LANGUAGE CODE | |
| Language code of text/sound track or separate title | eng |
| 100 1# - MAIN ENTRY--PERSONAL NAME | |
| Personal name | Johnson, Tony |
| 245 00 - TITLE STATEMENT | |
| Title | Dig deeper on PGS |
| 260 ## - PUBLICATION, DISTRIBUTION, ETC. | |
| Date of publication, distribution, etc. | 2006 |
| 490 #0 - SERIES STATEMENT | |
| Series statement | Estates Gazette |
| Volume/sequential designation | (0604) 28 January 2006, 158-161(4) |
| 520 ## - SUMMARY, ETC. | |
| Summary, etc. | Analyses the government consultation paper on Planning Gain Supplement (L132415), outlining the proposals, suggesting some initial responses to the questions and asking additional questions. Covers valuing planning gain, paying PGS, the scope of PGS, financing infrastructure through the planning system and allocating PGS revenues. Concludes that the PGS proposals stem from a desire to provide more housing but careful consideration needs also to be given to the implications of PGS for commercial development, the viability of which is often far more fragile and cyclical. |
| 590 ## - LOCAL NOTE (RLIN) | |
| Local note | IKA140206 |
| 650 24 - SUBJECT ADDED ENTRY--TOPICAL TERM | |
| Topical term or geographic name entry element | PLANNING GAIN SUPPLEMENT |
| 650 ## - SUBJECT ADDED ENTRY--TOPICAL TERM | |
| Topical term or geographic name entry element | BARKER REVIEW |
| 690 ## - LOCAL SUBJECT ADDED ENTRY--TOPICAL TERM (OCLC, RLIN) | |
| Topical term or geographic name as entry element | ENVIRONMENTAL AND LAND CONSULTANCY-PLANNING AND DEVELOPMENT-PLANNING REFORM |
| 700 1# - ADDED ENTRY--PERSONAL NAME | |
| Personal name | Westlake, Ted |
| 942 ## - ADDED ENTRY ELEMENTS (KOHA) | |
| Suppress in OPAC | 0 |
| Withdrawn status | Lost status | Source of classification or shelving scheme | Damaged status | Not for loan | Home library | Current library | Shelving location | Date acquired | Total Checkouts | Full call number | Barcode | Date last seen | Copy number | Price effective from | Koha item type |
|---|---|---|---|---|---|---|---|---|---|---|---|---|---|---|---|
| Dewey Decimal Classification | London | London | Journal article | 06/02/2006 | L132418 | 132418-1001 | 06/08/2019 | 1 | 06/08/2019 | Journal article |